The Family of Pascual Duarte

محفوظ في:
التفاصيل البيبلوغرافية
المؤلف الرئيسي: Cela, Camilo José
التنسيق: كتاب
اللغة:Undetermined
منشور في: New York, Estados Unidos Avon Books 1966
الموضوعات:
الوسوم: إضافة وسم
لا توجد وسوم, كن أول من يضع وسما على هذه التسجيلة!

MARC

LEADER 00000nam a2200000Ia 4500
008 170316s9999 xx 000 0 und d
040 |a cru BVZT 
090 |a 862 C-33fa 
100 |a Cela, Camilo José 
245 4 |a The Family of Pascual Duarte 
260 |a New York, Estados Unidos 
260 |b Avon Books 
260 |c 1966 
300 |a 144 páginas 
650 |a LITERATURA ESPAÑOLA 
650 |a EN IDIOMA INGLÉS 
650 |a NOVELA 
999 |c 9662  |d 9662 
942 |c 15 D  |h 862 C-33fa  |2 z